000 00323nam a22001337a 4500
008 170801b xxu||||| |||| 00| 0 eng d
020 _a0070651574
041 _aeng
080 _a004
100 _a32
101 _aSHKI
245 _aAN INTRODUCTION TO DATA STRUCTURES WITH APPLICATIONS
_cTREMBLAY, J.P
942 _2udc
_cBK
999 _c22461
_d22461